| 000 | 00435nam a2200145Ia 4500 | ||
|---|---|---|---|
| 008 | 231129s1994||||xx |||||||||||||| ||spa|| | ||
| 020 | _a950-739-290-4 | ||
| 040 | _bspa | ||
| 082 | _a658 H396r | ||
| 100 | _aHawley Jack | ||
| 245 | 0 | _aRedespertar del espíritu en el trabajo: El poder del gerenciamiento ético (Dharmic management) | |
| 260 | _c1994 | ||
| 264 | _aErrepar | ||
| 942 |
_2ddc _cBKS |
||
| 999 |
_c23814 _d23814 |
||